LEADER 02926nam a2200433 a 4500 001 000000117653 003 CaOOAMICUS 005 20091028144553.0 008 091028s1556 be u001 u lat r 026 $ae-i- p-um$bose- nasu (3)$c1556 (Q) 040 $aPUL$bita$dARIA 100 1 $aVirgilio, Polidoro,$dc. 1470-1555.$0(OLS)http://pul/name/73424 245 10$aPolydori Vergilii Urbinatis Anglicae historiae libri vigintisex. Ab ipso autore postremum iam recogniti, adque amussim, salva tamen historiae veritate, expoliti. Accessit Anglorum Regum Chronices Epitome per Georgium Lilium Britannum. Indices rerum singularum et utiles et copiosos, in operis calce adiectos reperies. . 260 $aGandaui :$bexcudebat Cornelius Manilius,$c[1556] 300 $a2 v. ([8] 944; 1742 [126]] p.) ;$c8° (15 cm) 500 $aSegnatura v.1: A-Z8 a-z8 aa-vv8. 500 $aInclude indici. 500 $aIniziali xil. 500 $aIn calce al front.: Cum privilegio. 500 $aCiascun v. ha proprio front. 500 $aNumerosi errori di paginazione. 500 $aSegnatura v.2: A-V8 a-z8 aa-ee8 ff4 gg-oo8. 500 $aIn fine: "Privilegii sententia". 500 $aFregi xil. sul front. 500 $aIl nome dell'ed., Simon Grynaeus, si ricava in fine alla ded. del v. 1, a c. A4v. 500 $aLa paginazione del v. 2 riprende dalla fine del libro 16. del v. 1. 510 0 $aL'anno di stampa è ricavato da H.M. Adams, v. 2, p. 316, n. 450. 662 $aBelgio$dGhent.$0(OLS)http://pul/subject/35753 700 1 $aGrynaeus, Simon,$d1493-1541.$0(OLS)http://pul/name/72837 700 1 $aLily, George,$dm. 1559.$0(OLS)http://pul/name/73415 710 0 $aManilius, Cornelius$4pbl.$0(OLS)http://pul/name/73434 850 $aPUL 852 $aPUL$W1$xDP1 Antico 500$y12$m129 C 26$j135050$qStampati Antico$B134020$CPULBib$Z2$F134020 $82 852 $aPUL$W1$xDP1 Antico 500$y12$m129 C 27$j135051$qStampati antico$B134021$CPULBib$Z2$F134021 $82 941 1 $a15 961 $aPostille mss. all'interno del testo.Precedenti collocazioni: 2. IX. 64; V. L.Precedente appartenenza: Monastero di S. Alessio (S. A.).Sottolineature all'interno del testo.Timbri: Bibliotheca Pia Pont. Seminarii Romani. 961 $aPostille mss. all'interno del testo.Precedenti collocazioni: 2. IX. 65; V. L.Precedente appartenenza: Monastero di S. Alessio (S. A.).Sottolineature all'interno del testo.Timbri: Bibliotheca Pia Pont. Seminarii Romani. 996 $6245$aPolydori Vergilii Urbinatis Anglicae historiae libri vigintisex. Ab ipso autore postremum iam recogniti, adque amussim, salva tamen historiae veritate, expoliti. Accessit Anglorum Regum Chronices Epitome per Georgium Lilium Britannum. Indices rerum singularum et utiles et copiosos, in operis calce adiectos reperies. $9(OLS)http://pul/title/148079 996 $6260$aGandaui :$bexcudebat Cornelius Manilius$9(OLS)http://pul/publisher/80851 LEADER 00901nam a2200217 u 4500 001 000000056837 003 CaOOAMICUS 005 20070226120522.0 008 010420s1998 it u000 u ita u 035 $a10886203 040 $aPUL(R)$bita 245 03$aIl nuovo manifesto di Oxford :$ble lezioni della Scuola di Liberalismo '97. 260 $aRoma :$b[s.n.],$c1998. 300 $a229 p. ;$c24 cm 500 $aIn testa al front.: Almanacco liberale 1998. 650 4$aLiberalismo (Politica).$0(OLS)http://pul/subject/17275 850 $aPUL 852 $aPUL$W1$xDP1 Altre Collocazioni$y17$mSenza collocazione$j12$nBK-PRI$b $qStampati$B74483$CPULBib$Z2$F74483 $H $81 941 1 $a8 996 $6245$aIl nuovo manifesto di Oxford :$ble lezioni della Scuola di Liberalismo '97$9(OLS)http://pul/title/76042 996 $6260$aRoma :$b[s.n.]$9(OLS)http://pul/publisher/47958